书目信息 |
| 题名: |
我的理论生涯
|
|
| 作者: | 苏星 著 | |
| 分册: | ||
| 出版信息: | 北京 人民出版社 2007 |
|
| 页数: | 260页 | |
| 开本: | 21cm | |
| 丛书名: | ||
| 单 册: | ||
| 中图分类: | F092.7 | |
| 科图分类: | ||
| 主题词: | 经济学--文集 , 经济学 , 经济思想史 | |
| 电子资源: | ||
| ISBN: | 978-7-01-005850-4 | |
| 000 | 00818nam0 2200241 450 | |
| 001 | 1259937796 | |
| 005 | 20121003164003.96 | |
| 010 | @a978-7-01-005850-4@dCNY18.00 | |
| 100 | @a20070327d2007 em y0chiy50 ea | |
| 101 | 0 | @achi |
| 102 | @aCN@b110000 | |
| 105 | @ay z 000yy | |
| 200 | 1 | @a我的理论生涯@Awo de li lun sheng ya@f苏星著 |
| 210 | @a北京@c人民出版社@d2007 | |
| 215 | @a260页@d21cm | |
| 330 | @a本书收录作者从事政治经济学理论研究的文章若干篇,共分探索、争鸣、导师、编辑四个部分,其内容包括:“研究城市住宅理论”、“研究我国农业合作化问题的曲折经历”、“社会主义再生产理论与社会主义经济建设”等。 | |
| 606 | 0 | @a经济学@j文集 |
| 606 | 0 | @a经济学 |
| 606 | 0 | @a经济思想史 |
| 690 | @aF092.7@v4 | |
| 701 | 0 | @a苏星@Asu xing@f(1926.2~)@4著 |
| 801 | 0 | @aCN@bNLC@c20101222 |
| 905 | @a10447@dF092.7@eJY131 | |
| 我的理论生涯/苏星著.-北京:人民出版社,2007 |
| 260页;21cm |
| ISBN 978-7-01-005850-4:CNY18.00 |
| 本书收录作者从事政治经济学理论研究的文章若干篇,共分探索、争鸣、导师、编辑四个部分,其内容包括:“研究城市住宅理论”、“研究我国农业合作化问题的曲折经历”、“社会主义再生产理论与社会主义经济建设”等。 |
| ● |
| 相关链接 |
|
|
|
|
正题名:我的理论生涯
索取号:F092.7/JY131
 
预约/预借
| 序号 | 登录号 | 条形码 | 馆藏地/架位号 | 状态 | 备注 |
| 1 | 7813378 | 278133789 | 学院路分馆/ [索取号:F092.7/JY131] | 在馆 | |
| 2 | 7813379 | 278133798 | 学院路分馆/ [索取号:F092.7/JY131] | 在馆 |